02058 a2200217 45000010006000000050017000060080041000230030015000640400040000790800124001192450050002430200018002932640036003113000024003475051300003710410008016711000022016797000021017017000023017228560095017455309820260407155804.0260407a1986 arg spa dAR-UNSa-BCEJYS aAR-UNSa-BCEJYSbspacAR-UNSa-BCEJYS a330.101xCiencia económica en general. La economía y sus problemas. Objeto y métodos de la economía política 10aEconomía políticapun texto introductorio a84-85855-39-6 1aBarcelona :bAntoni Boschc1986 axiv, 689 p.c22 cm. a1. Las reglas del juego - 2. la elección racional y la ganancia individual - 3. El equilibrio económico y la teoría de la oferta y la demanda - 4. Las ganancias derivadas de la cooperación - 5. Obstáculos a una operación eficiente - 6. Ideas de justicia - 7. Ganancias derivadas del intercambio multilateral:la ley, la organización y los mercados - 8. Problemas de la elección pública - 9. Justificación de las acciones colectivas : principios constitucionales propuestos - 10. El modelo de competencia pura - 11. Interferencias del Estado en el mercado:objeciones clásicas - 12. El poder de monopolio - 13. Impuestos y gasto público:la visión clásica - 14. Contra el mercado:críticas y contrasistemas de Marx y "La nueva izquierda" - 15. Los mercados de productos y la empresa:calidad del producto y fijación de precios - 16. Los mercados de trabajo y la empresa:"salarios incentivantes" y paro - 17. Mercados de capitales :finanzas , dinero y banca - 18. La crisis de la doctrina clásica del equilibrio - 19. La posibilidad de un desequilibrio monetario: la teoría general del empleo de Keynes - 20. Desde Keynes y para siempre:intervención del Estado o confianza en el "mercado" - 21. La inflación:sus causas, efectos, formas, de reducción y control aspa1 aPhelps, Edmund S.1 aCaminal, Ramón1 aEspinosa, Gentzane41uhttps://biblioeco.unsa.edu.ar/pmb/images/libros/L128452.jpgyImagen de portadaqimage/jpeg